000 00396nam a2200157Ia 4500
008 231217s9999 xx 000 0 und d
020 _a8178814145
041 _aEnglish
082 _a658.3 RED;1 R
100 _aReddy, Sumati ed.
245 0 _aEffective team work : key insights
260 _c2005
_bIcfai
_aHyderabad
300 _aviii, 174
650 _ateam,key,insights
942 _cAA
999 _c188647
_d188647